| 000 | 00830nam a2200229 i 4500 | ||
|---|---|---|---|
| 001 | 107934 | ||
| 003 | ES-MaACL | ||
| 005 | 20250829080459.0 | ||
| 007 | t| | ||
| 008 | 061220s1969 sp ||||1| spa d | ||
| 080 | _a86-321.2"16" | ||
| 100 | 1 |
_aCervantes Saavedra, Miguel de, _d1547-1616 _9226514 |
|
| 245 | 1 | 3 |
_aEl licenciado vidriera y otras novelas ejemplares / _cCervantes; edición y notas de Inmaculada Ferrer; prólogo de Luis Rosales. |
| 260 |
_aEstella (Navarra) : _bSalvat, _c1969. |
||
| 300 |
_a189 p. ; _c19 cm. |
||
| 490 | 1 |
_aBiblioteca básica Salvat de Libros RTV ; _v20 |
|
| 700 | 1 |
_aFerrer, Inmaculada. _950420 |
|
| 700 | 1 |
_aRosales, Luis, _d1910-1992 _999644 |
|
| 830 | 0 | 0 |
_aBiblioteca básica Salvat de libros RTV _v20 _9185398 |
| 852 |
_aES-MaACL _jE-2941 _bR.69765 |
||
| 999 |
_c107934 _d107934 |
||